000 00823nam a2200277 a 4500
001 43067
003 BD-RjUL
005 20211209053636.0
008 160619s1966 enka b 000 0 eng
035 _a(OCoLC)346941
035 _a(OCoLC)ocm00346941
035 _a(BD-RjUL)43185
035 _a(NNC)2582126
040 _dUPvMLC
_aBD-RjUL
_beng
_cBD-RjUL
041 _aeng
082 _a338.942
_bECO 1966
090 _aHC256.5
_b.H38
245 0 0 _aEconomic growth in Britain /
_cedited by P.D. Henderson.
260 _aLondon :
_bWeidenfeld & Nicholson,
_cc1966
300 _a296 p. :
_btables. ;
_c23 cm.
504 _aIncludes bibliographies.
651 0 _aGreat Britain
_xEconomic policy.
_9132251
700 1 _aHenderson, P. D.
_q(Patrick David),
_eeditor.
_9132252
942 _2ddc
_cBK
999 _c43067
_d43067